000 00494nam a2200169Ia 4500
008 090711s9999 xx 000 0 und d
082 _b78229
100 _aघारे दीपक
245 _aघाशीराम एक वादळ
260 _c1996
300 _a152
600 _aघारे दीपक
630 _aघाशीराम एक वादळ
700 _aघारे दीपक
730 _aघाशीराम एक वादळ
942 _cBOOK
999 _c314970
_d314970